000 00465nam a2200181Ia 4500
001 2764
005 20260306144831.0
008 260306t2019||||xx |||||||||||||| ||spa||
041 _aESP
082 _a226.7
_bP644
100 _aPhilippe, Jacques
_eAUT
245 0 _aLa felicidad donde no se espera:
_bmeditación sobre las bienaventuranzas
260 _c2019
300 _a205 pƔginas :
_c19 cm.
650 _aGEN
654 _aCHU
942 _cLIB
_dJUS
_fJUS
_2ddc
_n
999 _c2764
_d2764